000 00295nam a22001337a 4500
008 170529b xxu||||| |||| 00| 0 eng d
020 _a3540156100
041 _aeng
080 _a621
100 _a27
101 _aIM
245 _aSAMPLED-DATA CONTROL SYSTEMS
_cACKERMANN,J
942 _2udc
_cBK
999 _c14744
_d14744